|
|
|
|
| LEADER |
00000nam0a2200000 4500 |
| 001 |
5922 |
| 005 |
20231030175830.0 |
| 010 |
|
|
|a 5060027996
|
| 035 |
|
|
|a (RuTPU)RU\TPU\book\5951
|
| 035 |
|
|
|a BOOK00006004
|
| 090 |
|
|
|a 5922
|
| 100 |
|
|
|a 20011209d1997 m y0rusy50 ca
|
| 101 |
0 |
|
|a rus
|
| 102 |
|
|
|a RU
|
| 105 |
|
|
|a a j 000zy
|
| 200 |
1 |
|
|a Монтаж приборов и систем автоматизации
|f М. Л. Каминский, В. М. Каминский
|
| 205 |
|
|
|a 7-е изд., перераб. и доп.
|
| 210 |
|
|
|a Москва
|c Высшая школа
|d 1997
|
| 215 |
|
|
|a 304 с.
|c ил.
|
| 225 |
1 |
|
|a Профессия
|
| 610 |
1 |
|
|a приборостроение
|
| 610 |
1 |
|
|a приборы
|
| 610 |
1 |
|
|a системы
|
| 610 |
1 |
|
|a автоматизация
|
| 610 |
1 |
|
|a учебные пособия
|
| 675 |
|
|
|a 681.2-5(075.8)
|v 3
|
| 675 |
|
|
|a 681.515(075.8)
|v 3
|
| 700 |
|
1 |
|a Каминский
|b М. Л.
|g Михаил Львович
|
| 701 |
|
1 |
|a Каминский
|b В. М.
|g Владимир Михайлович
|
| 801 |
|
0 |
|a RU
|b 63413507
|c 20011209
|g PSBO
|
| 801 |
|
2 |
|a RU
|b 63413507
|c 20201028
|g PSBO
|
| 942 |
|
|
|c BK
|